| 000 -LEADER |
| fixed length control field |
00539nam a22001937a 4500 |
| 008 - FIXED-LENGTH DATA ELEMENTS--GENERAL INFORMATION |
| fixed length control field |
150921b xxu||||| |||| 00| 0 eng d |
| 020 ## - INTERNATIONAL STANDARD BOOK NUMBER |
| International Standard Book Number |
0072350849 |
| 041 0# - LANGUAGE CODE |
| Language code of text/sound track or separate title |
eng |
| 080 ## - UNIVERSAL DECIMAL CLASSIFICATION NUMBER |
| Universal Decimal Classification number |
336 |
| 100 1# - Rafti |
| Rafti |
Kapoor, Jack R., |
| 245 10 - TITLE STATEMENT |
| Title |
Personal finance / |
| Statement of responsibility, etc |
Jack R. Kapoor, Les R. Dlabay, Robert J. Hughes. |
| 250 ## - |
| -- |
6th ed. |
| 260 ## - |
| -- |
Boston, Mass. : |
| -- |
McGraw Hill/Irwin, |
| -- |
2001. |
| 300 ## - |
| -- |
xxx, 678 f. : |
| -- |
me il.; |
| -- |
26 cm. |
| 650 0# - |
| -- |
Financë |
| 700 1# - |
| -- |
Dlabay, Les R. |
| 700 1# - |
| -- |
Hughes, Robert James, |
| 942 ## - ADDED ENTRY ELEMENTS (KOHA) |
| Source of classification or shelving scheme |
|
| Item type |
Books |